Statistics for British Invasion Bands & Artists

Click here to take the quiz!

General Stats

  • This quiz has been taken 81 times
  • The average score is 15 of 30

Answer Stats

Song or AlbumHintAnswer% Correct
Here Comes The SunLegendary band of George Harrison, John Lennon, Paul McCartney & Ringo Starr.The Beatles
97%
The House of the Rising SunBand fronted by Eric Burdon and known for its bluesy, gritty sound. Other hits include "We Gotta Get Out of This Place".The Animals
92%
Paint It BlackIconic band of Mick Jagger, Keith Richards and the late Charlie Watts.The Rolling Stones
89%
My GenerationInfluential band of Pete Townshend, Roger Daltrey and the late John Entwistle & Keith Moon. Other hits include "Pinball Wizard".The Who
84%
You Really Got MeInfluential band of brothers Ray and Dave Davies. Other hits include "Lola" and "All Day and All of the Night".The Kinks
81%
It's Not UnusualWelsh singer whose female fans are notorious for throwing their underwear on the stage when he performs.Tom Jones
68%
Son Of A Preacher ManBlue-eyed soul singer with an iconic blonde beehive hairstyle. Other hits include "I Just Don't Know What to Do with Myself".Dusty Springfield
63%
Season of the WitchScottish folk musician whose other hits include "Catch the Wind", "Sunshine Superman" and "Hurdy Gurdy Man".Donovan
58%
Do Wah Diddy DiddyBand named after the stage name of its keyboardist, Manfred Lubowitz. Other hits include "Pretty Flamingo".Manfred Mann
58%
She's Not ThereBand originally named "The Mustangs" before changing it to a synonym for the walking dead.The Zombies
58%
Bus StopBand whose name was inspired by Buddy Holly. Other hits include "He Ain't Heavy He's My Brother".The Hollies
55%
DowntownSinger, actress, and songwriter with a career spanning over seven decades. Other hits include "Don't Sleep in the Subway".Petula Clark
53%
Nights In White SatinBand who were pioneers of the progressive rock genre, starting with their 1967 album "Days of Future Passed". Other hits include "Go Now".The Moody Blues
53%
Heart Full of SoulBand which started the careers of three of rock's most famous guitarists: Jeff Beck, Jimmy Page and Eric Clapton.The Yardbirds
53%
Don't Let The Sun Catch You CryingLiverpool beat group which featuring band leader Gerry Marsden's name. Other hits include "You'll Never Walk Alone".Gerry and The Pacemakers
51%
Wild ThingBand whose name is derived from a synonym for "cave dwellers". Other hits include "Love Is All Around".The Troggs
49%
I'm Into Something GoodManchester beat group fronted by vocalist Peter Noone. Other hits include "Can't You Hear My Heartbeat" & "Mrs Brown You've Got a Lovely Daughter".Herman's Hermits
47%
Anyone Who Had a HeartFemale singer who had a successful career as TV presenter in the 80s & 90s, hosting "Blind Date" & "Surprise Surprise". Other hits include "You're My World".Cilla Black
45%
To Sir With LoveScottish singer and actress who performed the theme song for the James Bond film "Man With The Golden Gun".Lulu
44%
Itchycoo ParkBand whose later incarnation would feature Rod Stewart after lead singer & guitarist Steve Marriott left to form Humble Pie.Small Faces
44%
Gimme Some Lovin'Band named after their guitarist, Spencer. Other hits include "Keep On Running" and "Somebody Help Me".The Spencer Davis Group
44%
Glad All OverBand who bears band leader Dave's name in its title. Other hits include "Because", "Bits and Pieces" and "Catch Us If You Can".The Dave Clark Five
42%
GloriaBand from Northern Ireland which launched singer Van Morrison's career. Other hits include "Here Comes The Night".Them
36%
The Ballad of Lucy JordanEnglish singer and actress who had a highly publicized romantic relationship with Mick Jagger in the '60s.Other hits include "It's All Over Now Baby Blue".Marianne Faithfull
30%
Needles and PinsLiverpool band who took their name from a well known John Wayne western film. Most of their big hits are covers.The Searchers
29%
Silence is GoldenBacking band of Brian Poole that went on to find greater success following his departure in 1966. Other hits include "Here Comes My Baby".The Tremeloes
25%
The Game of LoveBand who were originally the backing group for Wayne Fontana, deciding to continue on as a trio following his departure mid-concert in 1965.The Mindbenders
22%
All Your LoveBlues band who bear frontman John's name in their moniker. Once featuring Jack Bruce & Eric Clapton later of Cream.John Mayall & The Bluesbreakers
21%
A World Without LoveMale pop duo. Other hits include "I Go to Pieces", "Lad Godiva" and "True Love Ways".Peter and Gordon
21%
Don't Bring Me DownBand who took their name from a 1955 Bo Diddley song. Their 1968 album, "S. F. Sorrow", was one of the first rock operas.Pretty Things
12%

Score Distribution

Percentile by Number Answered

Percent of People with Each Score

Your Score History

You have not taken this quiz